000 00768cam a2200253 4500
001 ABS67229
008 031107n2003 000 0 eng u
035 _a(Sirsi) u124258
245 _aRegional survey: Scotland
260 _c2003
490 _aProperty Week
_v68(40) 10 October 2003, 65-96(11)
590 _aABS
650 _aSCOTLAND
650 _aGLASGOW
650 _aEDINBURGH
650 _aSCOTTISH ENTERPRISE
650 _aPROPERTY-COMMERCIAL PROPERTY-OFFICE PROPERTY-OFFICE PROPERTY MARKET
650 _aREGENERATION
650 _aPROPERTY-COMMERCIAL PROPERTY-RETAIL PROPERTY-RETAIL PROPERTY MARKET
650 _aINDUSTRIAL MARKET
650 _aSELFRIDGES
690 _aPROPERTY-COMMERCIAL PROPERTY-COMMERCIAL PROPERTY MARKET
942 _n0
999 _c73758
_d73758